| 000 | 00750cam a22002172 4500 | ||
|---|---|---|---|
| 001 | 0000007275 | ||
| 005 | 20151217155214.0 | ||
| 008 | 071218s xx 000 0 eng d | ||
| 020 |
_a1856045080 : _cKES |
||
| 040 |
_aKABU _cKABU |
||
| 100 | 1 |
_aCornish, Graham P. _@0000158483 |
|
| 245 | 1 | 0 |
_aCopyright : _binterpreting the law for libraries, archives and information services / _cGraham P. Cornish. |
| 250 | _a4th ed. | ||
| 260 |
_aLondon : _bFacet, _c2004. |
||
| 300 | _axvi, 207 p. | ||
| 650 | 0 |
_aCopyright _xMiscellanea _zGreat Britain. _@0000158484 |
|
| 650 | 0 |
_aPublic lending rights (of authors) _xMiscellanea _zGreat Britain. _@0000158485 |
|
| 908 | _a071218 | ||
| 950 | _@1 | ||
| 999 |
_c11986 _d11986 |
||